| 000 | 00642nam a2200229Ia 4500 | ||
|---|---|---|---|
| 003 | OSt | ||
| 005 | 20220925232903.0 | ||
| 006 | a|||||r|||| 00| 0 | ||
| 007 | ta | ||
| 008 | 220923b |||||||| |||| 00| 0 eng d | ||
| 020 | _a4258540234 | ||
| 037 | _cGeneral Book | ||
| 040 |
_aRTL _cRTL _beng |
||
| 041 |
_2eng _aeng |
||
| 245 | 0 |
_aEnvironmental policy in transition _b Ten years of U |
|
| 260 |
_aNew York _bUN _c2003 |
||
| 300 |
_a91p _ccm. |
||
| 490 | _aJapan External Trade Organization, Symposium Proceedings; 23 | ||
| 650 |
_aEconomics irt Environment _9233923 |
||
| 942 |
_cGB _2CC |
||
| 999 |
_c592415 _d592415 |
||